| 000 | 00706nam a22001577a 4500 | ||
|---|---|---|---|
| 003 | OSt | ||
| 005 | 20150919102551.0 | ||
| 008 | 150919b xxu||||| |||| 00| 0 eng d | ||
| 040 | _cRUA | ||
| 082 | _aAGR KHE 2006 BO33 Or.1 | ||
| 100 |
_9839 _aKHEANG SER |
||
| 245 | _aEffect of organic fertilizer on the bunching onion at crop station in royal university of agriculture,(ឥទ្ធិពលជីសរីរាង្គលើដំណាំខ្ទឹមស្លឹកមៅស្ថានីយ៍ពិសោធន៍ដំណាំសាកលវិទ្យាល័យភូមិកសិកម្ម). | ||
| 260 |
_aphnom phen _bRUA _c2006 |
||
| 300 |
_aXIV, 49Pp. _bill. _c29cm. |
||
| 942 |
_2ddc _cAGR |
||
| 999 |
_c809 _d809 |
||